Vplyv dentálnej hygieny na hojenie postextrakčnej rany

Bibliographic Details
Main Author: Věntusová, B. (Author)
Format: Article
Language:Slovak
Subjects:

MARC

LEADER 00000nab a2200000 a 4500
001 vtls000545516
003 SK-MaSNL
005 20260304101947.0
008 250425c1995 xo 0 slo
015 |a SNBRB19rr/mm-uuuuu 
035 |a CL0545654 
035 |a urn:nbn:sk:snk-abdvv 
035 |a (urnnbn)urn:nbn:sk:snk:ar-a06ci3 
035 |a (uuid)2cd42568-dcf3-4dda-ad5c-3f918f9298d4 
040 |a SNKBUCL  |b slo  |c SNKBUCL  |e AACR2 
041 0 |a slo 
044 |a xo  |c SK 
080 |a 616.314-089.87  |2 1981 
100 1 |a Věntusová, B.  |4 aut  |9 1260696 
245 1 0 |a Vplyv dentálnej hygieny na hojenie postextrakčnej rany  |c B. Věntusová 
650 0 7 |a zuby  |2 SNKPH  |9 50770 
650 0 7 |a extrakcia zuba  |2 SNKPH  |9 138329 
650 0 7 |a postextračné rany  |2 SNK  |9 1398209 
650 0 7 |a dentálna hygiena  |2 SNKPH  |9 74687 
655 7 |a články z novín a časopisov  |2 SNK  |9 267496 
773 0 |t Revue profesionálnej sestry  |g Roč. 2, č. 1 (1995), s. 10 
850 |a Slovenská národná knižnica 
852 |a Slovenská národná knižnica 
958 |a article27 
958 |a OND 
958 |a RK 
958 |a MI 
958 |a EUIPO 
992 |a RBX 
999 |c 2843421  |d 2845351